000
00312nam a2200133Ia 4500
005
20251222140050.0
008
251222s1900||||xx |||||||||||||| ||spa||
082
_a
185/A72P
100
_a
Aristóteles
245
0
_a
Il Principio di non Contraddizione.
250
_a
10a.ed.
264
_b
La Scuola
942
_c
LIB
999
_c
3578
_d
3578